| 000 | 01815camaa2200409Mu 4500 | ||
|---|---|---|---|
| 999 |
_c111384 _d111384 |
||
| 003 | BJBSDDR | ||
| 005 | 20230411090034.0 | ||
| 007 | ta | ||
| 008 | 040318s2003 sp o000 0 spa d | ||
| 017 | _aM 54146-2003 | ||
| 020 | _a8495912090 | ||
| 020 | _a9788495912091 | ||
| 035 | _a(OCoLC)ocn433654428 | ||
| 035 | _a(OCoLC)433654428 | ||
| 040 |
_aBNM _bspa _cBNM |
||
| 041 | 1 |
_aspa _hengfre |
|
| 049 | _aGRAL | ||
| 050 | 1 | 4 |
_aJF 1525 _bO68g 2003 |
| 110 | 1 | _aOrganización para la Cooperación y el Desarrollo Económicos (OCDE) | |
| 240 | 1 | 0 |
_aGovernment of the future. _lEspañol |
| 245 | 1 | 3 |
_aEl gobierno del futuro / _cOrganización de Cooperación y Desarrollo Económico ; traducción de José Manuel Rodríguez Álvarez; revisión de José Manuel Canales Aliende. |
| 250 | _a1a. ed. | ||
| 260 |
_aMadrid : _bMinisterio de Administraciones Públicas, Secretaría General Técnica, _c2003. |
||
| 300 |
_a316 p. ; _c24 cm. |
||
| 490 | 1 | _aEstudios. Serie Administracion general | |
| 504 | _aIncluye referencias bibliográficas. | ||
| 610 | 2 | 4 | _aOrganización para la Cooperación y el Desarrollo Económico |
| 650 | 7 |
_aCambio organizacional _zPaíses de la Organización de Cooperación y Desarrollo Económico. _2embne |
|
| 650 | 4 |
_aAdministración pública _zPaíses de la OCDE _94540 |
|
| 651 | 4 |
_aPaíses de la Organización de Cooperación y Desarrollo Económico _xAdministración _923089 |
|
| 651 | 4 |
_aPaíses de la OCDE _xPolítica y gobierno _923090 |
|
| 700 | 1 |
_923092 _aRodríguez Álvarez, José Manuel _etraductor |
|
| 710 | 2 |
_aOrganización para la Cooperación y el Desarrollo Económicos (OCDE) _923086 |
|
| 830 | 0 |
_aEstudios (Instituto Nacional de Administración Pública (España))., _pSerie Administración general _923087 |
|
| 942 |
_2lcc _cBK |
||
| 946 | _akk | ||